Music Quiz

Random Music or Song Quiz
Score 0/26 Timer 08:00
0 Plays Today
Band Song % Correct
Elvis PresleyHound Dog
72%
Baha MenWho Let the Dogs Out
71.2%
SurvivorEye of the Tiger
64.8%
Lynyrd SkynyrdFreebird
57.6%
Duran DuranHungry Like the Wolf
57.6%
AmericaA Horse With No Name
54.4%
Jefferson AirplaneWhite Rabbit
44.8%
HeartBarracuda
44%
Led ZeppelinBlack Dog
40%
The BeatlesI am the Walrus
40%
Warren ZevonWerewolves of London
36%
Ted NugentCat Scratch Fever
36%
Harry ChapinCats in the Cradle
32%
Band Song % Correct
Elton JohnCrocodile Rock
29.6%
The BeatlesRocky Raccoon
24.8%
The BeatlesBlackbird
24%
The BeatlesOctopus's Garden
17.6%
Big and RichSave a Horse, (Ride a Cowboy)
16.8%
Rolling StonesWild Horses
16.8%
Alice in ChainsRooster
16%
The ToadiesPossum Kingdom
12.8%
Pink FloydPigs on the Wing
9.6%
Fleetwood MacAlbatross
8.8%
Red Hot Chili PeppersSlow Cheetah
4%
Dave Matthews BandAlligator Pie
2.4%
Rolling StonesMonkey Man
2.4%
Remove Ads.
Support Sporcle.
Get the best of Sporcle when you Go Orange. This ad-free experience offers more features, more stats, and more fun while also helping to support Sporcle. Thank you for becoming a member.

You're not logged in!

Compare scores with friends on all Sporcle quizzes.
OR
Log In

Show Comments

Extras

Top Quizzes Today


Score Distribution

Your Account Isn't Verified!

In order to create a playlist on Sporcle, you need to verify the email address you used during registration. Go to your Sporcle Settings to finish the process.

Report this User

Report this user for behavior that violates our Community Guidelines.

Details: